00796cas a2200205 a 450000100100000000500170001000800410002704000180006804300120008624501100009826000730020830000240028131000150030536200170032050000320033765000730036965000860044271000450052899900170057300001636520200929164407.0830624c19829999dr qr 0 b0spa  aDO-SdBNPcspa anwdr---00aInvivienda :bÓrgano de difusión del Instituto Nacional de la Vivienda, INVI, República Dominicana. a[Santo Domingo] :bInstituto Nacional de la Vivienda (INVI),c1982-. av. :bil. ;c27 cm. aTrimestral0 aAño 1. No. aTítulo tomado de cubierta 4aViviendaszRepública DominicanavPUBLICACIONES PERIÓDICAS936494 4aPolítica de viviendazRepública DominicanavPUBLICACIONES PERIÓDICAS9364952 aInstituto Nacional de la Vivienda936496 c15900d15900